00621nam a2200181 4500001000700000003000900007005001700016007000300033008004100036100003300077245015200110260003300262300003900295650001600334700003000350700003200380852002700412127578ES-MaACL20250902222335.0t|070214e1935 sp r ||||1| spa d1 aRittershausen, Heinricheaut10aParo forzoso y capital / cHeinrich Rittershausen ; traducción directa del alemán y revisión por Rafael Luengo Tapia y Nicolás Floristán. aBarcelona : bLabor, c1935. aXIX, 291 páginas ; c23 x 15 cm. 7aParo2embne1 aLuengo Tapia, Rafaeletrl1 aFloristán, Nicolásetrl aES-MaACLcSPP1jA-3304